书目信息 |
| 题名: |
比利时史
|
|
| 作者: | 让·东特 著 ;南京大学外文系法文翻译组 译 | |
| 分册: | ||
| 出版信息: | 南京 江苏人民出版社 1973.9 |
|
| 页数: | 170页 | |
| 开本: | 20cm | |
| 丛书名: | ||
| 单 册: | ||
| 中图分类: | K564.0 | |
| 科图分类: | ||
| 主题词: | 西欧--历史 | |
| 电子资源: | ||
| ISBN: | ||
| 000 | 00680nam0 2200229 45 | |
| 001 | 0212180895 | |
| 005 | 20031219104102.5 | |
| 010 | @dCNY0.65 | |
| 091 | @a11100.004 | |
| 100 | @a20021218d1973 km y0chiy0120 ea | |
| 101 | 0 | @achi |
| 105 | @a z 000yy | |
| 200 | 1 | @a比利时史@ABi Li Shi Shi@f(比)让·东特著@F(Bi)Rang·Dong Te Zhu@g南京大学外文系法文翻译组译 |
| 210 | @a南京@c江苏人民出版社@d1973.9 | |
| 215 | @a170页@d20cm | |
| 300 | @a内部读物 | |
| 606 | 0 | @a西欧@x历史 |
| 690 | @aK564.0@v3 | |
| 701 | 0 | @a让·东特@4著 |
| 702 | 0 | @a南京大学外文系法文翻译组@ANan Jing Da Xue Wai Wen Xi Fa Wen Fan Yi Zu@4译 |
| 801 | @aCN@bTSTC@c20021218 | |
| 905 | @b219121@dK564.0@e1@f1 | |
| 比利时史/(比)让·东特著/南京大学外文系法文翻译组译.-南京:江苏人民出版社,1973.9 |
| 170页;20cm |
| 内部读物 |
| ISBN :CNY0.65 |
| ● |
| 相关链接 |
|
|
|
|
正题名:比利时史
索取号:K564.0/1
 
预约/预借
| 序号 | 登录号 | 条形码 | 馆藏地/架位号 | 状态 | 备注 |
| 1 | 0219121 | 001749987 | 密集书库/ [索取号:K564.0/1] | 在馆 | |
| 2 | 0228394 | 001415427 | 第二样本阅览室/ [索取号:K564.0/1] | 在馆 |